000 00277 a2200097 4500
082 _a624.18341 SYA
100 _aSyal,I.C.
245 _aReinforced Concrete structures /
_cI.C.Syal, A.K.Goel
260 _aNew Delhi :
_cS.Chand & comp,
_b2007
300 _a743p. :
_bill . ;
_c23cm
650 _areinforced concrete
999 _c1391
_d1391